000 00910nam a2200277 i 4500
001 41257
003 ES-MaACL
005 20250825062717.0
007 t|
008 030310s1975 sp ||||1| spa d
020 _a84-7222-863-0
080 _a929 Escrivá de Balaguer, Josemaría
100 1 _aCarandell, Luis,
_d1929-2002
_934959
245 1 0 _aVida y milagros de monseñor Escrivá de Balaguer, fundador del Opus Dei /
_cLuis Carandell ; prólogo de Alfonso C. Comín.
250 _a4ª ed.
260 _aBarcelona :
_bLaia,
_c1975.
300 _a210 p., [20] p. de lám. ;
_c20 cm.
490 1 _aLaia/paperback ;
_v15
600 0 4 _aJosemaría Escrivá de Balaguer,
_cSanto
_966981
655 0 _aBiografías
_9176647
700 1 _aComín, Alfonso C.
_940007
830 1 _aLaia/paperback ;
_v15
_9181897
852 4 _aES-MaACL
_jE-9548
942 _2udc
999 _c41257
_d41257